000 00387nam a22001697a 4500
003 OSt
020 _a978-987-07-0203-0
040 _aISFD N° 12
041 _aESP
082 _a371.33
_bGAN
245 _aEl mundo de los animales
246 _aBiblioteca escolar
690 _aANIMALES
942 _2ddc
_cREV
999 _c5363
_d5363